000 00595nam a2200217Ia 4500
003 OSt
005 20220918105439.0
006 a|||||r|||| 00| 0
007 ta
008 220915b |||||||| |||| 00| 0 eng d
024 _a94,281
037 _cReference Collections
040 _aARTS
_cARTS
_beng
041 _2eng
_aeng
082 _aV1y7N5, L8(RR)
100 _aCarpenter Clive Au.
_91434
245 0 _aGuinnessbook of kings, rules and statesmen
260 _c1978
942 _hV1y7N5, L8(RR)
_cREF
999 _c107333
_d107333